书目信息 |
| 题名: |
德语简史
|
|
| 作者: | 陈杭柱 编著 | |
| 分册: | ||
| 出版信息: | 北京 外语教学与研究出版社 2000 |
|
| 页数: | 253页 | |
| 开本: | 20cm | |
| 丛书名: | ||
| 单 册: | ||
| 中图分类: | H330.9 | |
| 科图分类: | ||
| 主题词: | 德语--语言史 , 德语 , 语言史 | |
| 电子资源: | ||
| ISBN: | 7-5600-1736-3 | |
| 000 | 00705nam0 2200265 45 | |
| 001 | (011001)c2001042417 | |
| 005 | 20070805094051.01 | |
| 009 | (011001)c2001042417 | |
| 010 | @a7-5600-1736-3@dCNY9.90 | |
| 035 | @a(011001)c2001042417 | |
| 100 | @a20010511d2000 em y0chiy0110 ea | |
| 101 | 0 | @achi |
| 102 | @aCN@b110000 | |
| 105 | @ay z 000yd | |
| 106 | @ar | |
| 200 | 1 | @a德语简史@Ade yu jian shi@f陈杭柱编著@Fchen hang zhu bian zhu |
| 210 | @a北京@c外语教学与研究出版社@d2000 | |
| 215 | @a253页@d20cm | |
| 606 | 0 | @a德语@x语言史 |
| 606 | 0 | @a德语 |
| 606 | 0 | @a语言史 |
| 690 | @aH330.9@v4 | |
| 701 | 0 | @a陈杭柱@Achen hang zhu@4编著 |
| 801 | 0 | @aCN@bNLC@c20070805 |
| 905 | @dH330.9@e145@f3 | |
| 德语简史/陈杭柱编著.-北京:外语教学与研究出版社,2000 |
| 253页;20cm |
| ISBN 7-5600-1736-3:CNY9.90 |
| ● |
| 相关链接 |
|
|
|
|
正题名:德语简史
索取号:H330.9/145
 
预约/预借
| 序号 | 登录号 | 条形码 | 馆藏地/架位号 | 状态 | 备注 |
| 1 | 0852269 | 208522696 | 第二样本阅览室/ [索取号:H330.9/145] | 在馆 | |
| 2 | 0852270 | 208522703 | 第四借阅区/ [索取号:H330.9/145] | 在馆 | |
| 3 | 0852271 | 208522712 | 第四借阅区/ [索取号:H330.9/145] | 在馆 |